00306nam a2200109Ia 450000500170000000800410001710000200005824500710007826000140014930000100016365000230017320260328104307.0260328s9999||||xx |||||||||||||| ||und|| aTaborda, Felipe 0aKABUM! MIX :b un projeto dos alunos da di Kabum /cFelipe Taborda bOI Futuro a81 p. aDISEÑO GRÁFICO